<?xml version="1.0" encoding="UTF-8"?>
<record
    xmlns:xsi="http://www.w3.org/2001/XMLSchema-instance"
    xsi:schemaLocation="http://www.loc.gov/MARC21/slim http://www.loc.gov/standards/marcxml/schema/MARC21slim.xsd"
    xmlns="http://www.loc.gov/MARC21/slim">

  <leader>01400nam a2200325 i 4500</leader>
  <controlfield tag="001">179733</controlfield>
  <controlfield tag="003">ES-MaACL</controlfield>
  <controlfield tag="005">20250902235443.0</controlfield>
  <controlfield tag="008">120113s2010    sp abe       |||| |bspa d</controlfield>
  <datafield tag="020" ind1=" " ind2=" ">
    <subfield code="a">978-84-920755-9-1</subfield>
  </datafield>
  <datafield tag="080" ind1=" " ind2=" ">
    <subfield code="a">62/69 Turriano, Leonardo</subfield>
  </datafield>
  <datafield tag="080" ind1=" " ind2=" ">
    <subfield code="a">623(460)"15/16"</subfield>
  </datafield>
  <datafield tag="100" ind1="1" ind2=" ">
    <subfield code="a">C&#xE1;mara Mu&#xF1;oz, Alicia.</subfield>
    <subfield code="9">33995</subfield>
  </datafield>
  <datafield tag="245" ind1="1" ind2="0">
    <subfield code="a">Leonardo Turriano, ingeniero del rey / </subfield>
    <subfield code="c">autores, Alicia C&#xE1;mara, Rafael Moreira, Marino Vigan&#xF2; ; transcripci&#xF3;n y notas de la "Descripci&#xF3;n de las Pla&#xE7;as de Or&#xE1;n y Mazarquivir" a cargo de Daniel Crespo Delgado.</subfield>
  </datafield>
  <datafield tag="260" ind1=" " ind2=" ">
    <subfield code="a">[Madrid] : </subfield>
    <subfield code="b">Fundaci&#xF3;n Juanelo Turriano, </subfield>
    <subfield code="c">[2010]</subfield>
  </datafield>
  <datafield tag="300" ind1=" " ind2=" ">
    <subfield code="a">282 p. (algunas pleg.) : </subfield>
    <subfield code="b">il. col. y n., mapas, planos ; </subfield>
    <subfield code="c">27 cm.</subfield>
  </datafield>
  <datafield tag="504" ind1=" " ind2=" ">
    <subfield code="a">Referencias bibliogr&#xE1;ficas.</subfield>
  </datafield>
  <datafield tag="600" ind1="1" ind2="7">
    <subfield code="a">Turriano, Leonardo.</subfield>
    <subfield code="9">149062</subfield>
  </datafield>
  <datafield tag="650" ind1=" " ind2="7">
    <subfield code="a">Ingenier&#xED;a militar-</subfield>
    <subfield code="z">Espa&#xF1;a</subfield>
    <subfield code="2"></subfield>
    <subfield code="9">149063</subfield>
  </datafield>
  <datafield tag="700" ind1="1" ind2=" ">
    <subfield code="a">Turriano, Leonardo.</subfield>
    <subfield code="9">149062</subfield>
  </datafield>
  <datafield tag="700" ind1="1" ind2=" ">
    <subfield code="a">Moreira, Rafael.</subfield>
    <subfield code="9">149064</subfield>
  </datafield>
  <datafield tag="700" ind1="1" ind2=" ">
    <subfield code="a">Vigan&#xF2;, Marino.</subfield>
    <subfield code="9">149065</subfield>
  </datafield>
  <datafield tag="700" ind1="1" ind2=" ">
    <subfield code="a">Crespo Delgado, Daniel,</subfield>
    <subfield code="d">1974-</subfield>
    <subfield code="9">237517</subfield>
  </datafield>
  <datafield tag="710" ind1="2" ind2=" ">
    <subfield code="a">Fundaci&#xF3;n Juanelo Turriano.</subfield>
    <subfield code="9">4352</subfield>
  </datafield>
  <datafield tag="740" ind1="0" ind2="2">
    <subfield code="a">Descripci&#xF3;n de las Pla&#xE7;as de Or&#xE1;n y Mazarquivir.</subfield>
  </datafield>
  <datafield tag="852" ind1=" " ind2=" ">
    <subfield code="a">ES-MaACL</subfield>
    <subfield code="j">A-11845</subfield>
    <subfield code="9">186633</subfield>
    <subfield code="b">R.148504</subfield>
    <subfield code="c">DEPO1</subfield>
    <subfield code="d">Olim: N-4850</subfield>
    <subfield code="x">Donaci&#xF3;n: Fundaci&#xF3;n Juanelo Turriano</subfield>
  </datafield>
  <datafield tag="912" ind1=" " ind2=" ">
    <subfield code="9">4352</subfield>
    <subfield code="a">Fundaci&#xF3;n Juanelo Turriano</subfield>
  </datafield>
  <datafield tag="942" ind1=" " ind2=" ">
    <subfield code="2">udc</subfield>
    <subfield code="c">MONOGRAFIA</subfield>
  </datafield>
  <datafield tag="999" ind1=" " ind2=" ">
    <subfield code="c">179733</subfield>
    <subfield code="d">179733</subfield>
  </datafield>
  <datafield tag="952" ind1=" " ind2=" ">
    <subfield code="0">0</subfield>
    <subfield code="1">0</subfield>
    <subfield code="2">udc</subfield>
    <subfield code="4">0</subfield>
    <subfield code="7">0</subfield>
    <subfield code="a">ATENEOM</subfield>
    <subfield code="b">ATENEOM</subfield>
    <subfield code="c">DEPO1</subfield>
    <subfield code="d">2012-01-13</subfield>
    <subfield code="e">DONACION</subfield>
    <subfield code="l">0</subfield>
    <subfield code="o">A-11845</subfield>
    <subfield code="p">1188813</subfield>
    <subfield code="r">2023-02-23 00:00:00</subfield>
    <subfield code="w">2023-02-23</subfield>
    <subfield code="y">MONOGRAFIA</subfield>
  </datafield>
</record>
